25 instruments de musique en anglais - Statistiques

Statistiques générales
  • Ce quiz a été pris 122 fois
  • Le résultat moyen est 14 sur 25
Statistiques - réponses
Anglais Français % Correct
Violin Violon
97%
Guitar Guitare
95%
Harp Harpe
93%
Trumpet Trompette
90%
Cello Violoncelle
80%
Keyboard Piano
75%
French horn Cor
72%
Panflute Flûte de pan
70%
Castanet Castagnette
68%
Flute Flûte traversière
68%
Organ Orgue
65%
Bassoon Basson
64%
Double bass Contrebasse
55%
Bagpipe Cornemuse
55%
Drum Tambour
55%
Viola Alto
49%
Bass drum Grosse caisse
49%
Oboe Hautbois
45%
Snare drum Caisse claire
41%
Harpsichord Clavecin
31%
Double bassoon Contrebasson
30%
Recorder Flûte à bec
25%
Timpani Timbales
17%
Chau gong Tam tam
7%
Glockenspiel Carillon
4%
Aucun quiz correspondant
Distribution des résultats
% des personnes avec chaque résultat
Percentile par nombre de réponses
Votre historique - résultats
Vous n’avez pas pris ce quiz